Statistics for Elder Scrolls IV: Oblivion - General Knowledge #1

Click here to take the quiz!

General Stats

  • This quiz has been taken 189 times
  • The average score is 7 of 15

Answer Stats

HintAnswer% Correct
Martin Septim is voiced by which well-known actor?Sean Bean
71%
The owner of the above inn is which of the ten races?Imperial
70%
Where do Mythic Dawn agents go in the afterlife?Paradise
70%
Which Mage's Guild hall sends you to rescue Erthor?Skingrad
69%
Glenroy, Captain Renault, and which other Blade are escorting the emperor at the start of the game?Baurus
66%
What is the name of the Grandmaster of the blades?Jauffre
62%
The smith in the above part of New Sheoth can craft gear from which gem?Amber
51%
How many septims does the house for sale in Bravil cost?4000
49%
Martin Septim claims his Father was of what profession at the Kvatch Chapel?Farmer
45%
What is the Northern part of New Sheoth called?Bliss
38%
What is the name of the body of water south of Leyawiin?Topal Bay
26%
The above Blade later meets you at which inn?Luther Broad's Boarding House
19%
What is the name of the cave Erthor is trapped in?Bleak Flats Cave
18%
What is the name of the Count of Bravil from whom this house can be bought?Regulus Terentius
15%
What is the name of Mankar Camoran's palace, located in Paradise?Carac Agaialor
11%

Score Distribution

Percentile by Number Answered

Percent of People with Each Score

Your Score History

You have not taken this quiz